Culture Générale - Série 2306 - Statistiques

Statistiques générales
  • Ce quiz a été pris 137 fois
  • Le résultat moyen est 7 sur 10
Statistiques - réponses
Question Réponse % Correct
Dans quel pays coule le fleuve Yangzi Jiang ? Chine
97%
Combien y-a-t-il de secondes dans une heure ? 3600
93%
Quelle note de musique appelle-t-on également "ut" ? do
92%
Quel pays détient le plus de titres de champion du monde de rugby à XV ? Nouvelle Zélande
90%
De quel pays Hassan Rohani est-il le Président de la République depuis 2013 ? voir photo Iran
78%
Avec la laine de quel animal fabrique-t-on le cachemire ? chèvre
75%
Où est né Mozart ? Salzbourg
68%
A quel compositeur doit-on l'opéra "Nabucco" ? prénom et nom Giuseppe Verdi
35%
Qui a écrit "Moby Dick" en 1851 ? prénom et nom Herman Melville
35%
De quel philosophe est l'aphorisme "Le cœur a ses raisons que la raison ne connaît point" ? prénom et nom Blaise Pascal
33%
Aucun quiz correspondant
Distribution des résultats
% des personnes avec chaque résultat
Percentile par nombre de réponses
Votre historique - résultats
Vous n’avez pas pris ce quiz